000 00538nam a2200181Ia 4500
008 090630s9999 xx 000 0 und d
082 _b9317
100 _aकांबळे दिवाकर.
245 _aपरळ 68.
_cकांबळे दिवाकर.
260 _bडिंपल - वसई.
_c1987
300 _a164
600 _aकांबळे दिवाकर.
630 _aपरळ 68.
655 _a---
700 _aकांबळे दिवाकर.
730 _aपरळ 68.
942 _cBOOK
999 _c261173
_d261173